000 01268nam a2200337 c 4500
003 BLK
005 20250225170840.0
008 180408b bul|||||r ||||||| ||bul||
010 _aKNG00070759000
020 _a954-8041-10-3
_bиздат.: Огледало
040 _aBLK
041 _aBUL
_cBUL
080 _aНемска литература
_b821.112.2
_x-32
_z821.112.2-32
100 1 _aХесе, Херман
_eпърви автор
_9366442
700 1 _aХофщетер, Тереза
_eпрев.
_9137676
700 1 _aИванова, Юлия
_eпрев.
_9367395
139 _aХесе, Херман
_bХ 45
245 1 0 _aСидхарта
_bИнд. повест
_cХерман Хесе; прев. Тереза Хофщетер; прев. Юлия Иванова.
250 _aНово изд.
257 _aDEU
260 София
_bОгледало
_c2004
300 _a116 с.
_c20 см
380 _aX
500 _aОриг. загл. Siddhartha / Hermann Hesse. - Съдържа и Миротворецът / Йордан Ефтимов.
852 _aЦб 230861
856 4 _qpdf
_u
856 4 _qpdf
_u
942 _cKNG
_n0
_017
944 _aCR
_c24.01.2007
_k30540
_lСевдалина Тодорова
944 _aED
_c02.01.2008
_k
999 _c66462
_d66462